| 000 | 01689nam0a2200313 4500 | ||
|---|---|---|---|
| 001 | RU\NLR\bibl\238152 | ||
| 005 | 20260407072301.0 | ||
| 035 | _a(NLR Aleph) 000234054 | ||
| 090 |
_a1362674 _c1362674 |
||
| 100 | _a20020314d2001 |||y0rusy50 ca | ||
| 101 | 0 | _arus | |
| 102 | _aRU | ||
| 105 | _aa ||||||||| | ||
| 200 | 1 |
_aМинералогия - основа использования комплексных руд _eТез. докл. Годич. собр. Минерал. о-ва при РАН, Санкт-Петербург, 30 мая - 1 июня 2001 г. _f[Отв. ред.: проф. Ю.Б. Марин, проф. В.М. Изоитко] |
|
| 210 |
_aСПб _cМинерал. о-во при РАН _d2001 |
||
| 215 |
_a216, [2] с. _cил. _d20 |
||
| 300 | _aВ надзаг.: Рос. акад. наук. Минерал. о-во | ||
| 320 | _aБиблиогр. в конце тез. | ||
| 320 | _aАвт. указ. вконце кн. | ||
| 606 | 0 |
_aРудные месторождения комплексные _jСъезды, совещания и т.п. _xМинералогия _92242605 _3RU\NLR\auth\661345597 |
|
| 606 | 0 |
_aРудные месторождения комплексные _jТезисы докладов _xМинералогия _92242605 _3RU\NLR\auth\661345597 |
|
| 686 | _aД451-42я431 | ||
| 702 | 1 |
_aМарин _bЮ. Б. _4340 |
|
| 711 | 0 | 2 |
_aВсероссийское минералогическое общество _cСанкт-Петербург _bСобрание _f2001 _eСанкт-Петербург _3RU\NLR\AUTH\8810036062 _9570673 |
| 801 | 0 |
_aRU _bNLR _c20020314 _gPSBO |
|
| 801 | 1 |
_aRU _bNLR _c20020314 |
|
| 942 | _cBOOK | ||
| 980 | _aNB | ||